000 00734nam a2200289Ia 4500
005 20260324125859.0
008 008 260324s9999 xx 000 0 eng d
020 _a9781351279888
037 _aEBOOK
040 _aCRL
040 _beng
040 _cCRL
041 _2eng
041 _aeng
084 _qCRL
100 _aPrabhu Kandachar; Minna Halme
_91179678
245 0 _aSustainability Challenges and Solutions at the Base of the Pyramid
245 0 _bBusiness, Technology and the Poor
260 _bTaylor and Francis
260 _c2008
365 _a
365 _b255
856 _uhttp://www.taylorfrancis.com/books/9781351279888
942 _cEBOOK
999 _c1775317
_d1775317